000 00504nam a2200181Ia 4500
008 240925s9999 xx 000 0 und d
020 _a9783319055602
082 _a620.00711 CRA
100 _aCrawley, Edward F.; Malmqvist, Johan
245 0 _aRethinking engineering education: the CDIO approach
250 _a2nd
260 _aNew York:
_bSpringer
_c,2014.
300 _a149p.
_b0
_fOriginal
500 _aIncludes Index
600 _aElectronic Engineering
650 _aTechnology
942 _cBK
999 _c17443
_d17443